[Event "4NCL Division 3 North"]
[Site "Wakefield, ENG"]
[Date "2016.11.27"]
[Round "2.81"]
[White "Baxter, Harold"]
[Black "Naylor, Michael A"]
[Result "1-0"]
[WhiteElo "1882"]
[BlackElo "1930"]
[PlyCount "79"]
[EventDate "2016.11.27"]
[WhiteTeam "Bradford DCA Knights B"]
[BlackTeam "Ashfield Breadsall 2"]

1. Nf3 d5 2. g3 Nf6 3. Bg2 g6 4. d4 Bg7 5. c4 c6 6. Nc3 O-O 7. Ne5 Nbd7 8. cxd5
cxd5 9. O-O Nb6 10. a4 Be6 11. a5 Nbd7 12. Nd3 Ne4 13. Nxe4 dxe4 14. Bxe4 Bxd4
15. Bh6 Re8 16. a6 b6 17. e3 Bh8 18. Bxa8 Qxa8 19. f3 Bc4 20. Rf2 Qd5 21. Nf4
Qxd1+ 22. Rxd1 Nf6 23. Rfd2 Bg7 24. Bxg7 Kxg7 25. Rc1 Bxa6 26. Rc7 Ra8 27. Rxe7
Kf8 28. Rc7 Ne8 29. Rc3 Bb5 30. e4 a6 31. Kf2 f6 32. Ke3 Kf7 33. Nd5 Rb8 34.
Nc7 Nxc7 35. Rxc7+ Kg8 36. Rd6 f5 37. exf5 gxf5 38. Kf4 Be2 39. Rdd7 h5 40.
Rg7+ 1-0

[Event "4NCL Division 3 North"]
[Site "Wakefield, ENG"]
[Date "2016.11.27"]
[Round "2.56"]
[White "Boswell, Jacob Connor"]
[Black "Gittens, Nathan L"]
[Result "1-0"]
[WhiteElo "1937"]
[BlackElo "1869"]
[PlyCount "79"]
[EventDate "2016.11.27"]
[WhiteTeam "Cheddleton 2"]
[BlackTeam "3Cs 2"]

1. e4 c6 2. d4 d5 3. Nd2 dxe4 4. Nxe4 Nd7 5. c4 Ngf6 6. Nc3 g6 7. Bf4 Bg7 8.
Nf3 Nh5 9. Be3 O-O 10. Be2 Qc7 11. Qd2 e5 12. d5 f5 13. Bg5 e4 14. Nd4 Ne5 15.
O-O-O Nf6 16. Nb3 b5 17. d6 Qf7 18. cxb5 cxb5 19. Nxb5 Be6 20. Nc7 Rac8 21. Ba6
Rxc7+ 22. dxc7 Qxc7+ 23. Qc2 Qb6 24. Nc5 Bxa2 25. b3 Nd3+ 26. Nxd3 Qxa6 27. Nb2
Rc8 28. Nc4 Bxb3 29. Qxb3 Qxc4+ 30. Qxc4+ Rxc4+ 31. Kd2 Ng4 32. Ke2 Bd4 33. Rb1
Rc2+ 34. Bd2 Nxf2 35. Rhc1 Ra2 36. Rb7 Bg7 37. Rc8+ Bf8 38. Rbb8 e3 39. Rxf8+
Kg7 40. Kxe3 1-0

[Event "4NCL Division 3 North"]
[Site "Wakefield, ENG"]
[Date "2016.11.27"]
[Round "2.84"]
[White "Taylor, Robert P"]
[Black "Barker, Arron"]
[Result "0-1"]
[WhiteElo "1876"]
[BlackElo "1885"]
[PlyCount "82"]
[EventDate "2016.11.27"]
[WhiteTeam "Ashfield Breadsall 2"]
[BlackTeam "Bradford DCA Knights B"]

1. d4 b5 2. e4 Bb7 3. f3 a6 4. Bg5 h6 5. Bh4 g5 6. Bf2 Bg7 7. Bd3 c5 8. c3 cxd4
9. cxd4 Nc6 10. Bc2 Qa5+ 11. Kf1 Qb4 12. Ne2 Qxb2 13. Nd2 Qa3 14. Nb3 d6 15.
Rc1 Nf6 16. Be3 Nd7 17. Kf2 Na5 18. Bd2 Nc4 19. Bc3 b4 20. Ba1 Ndb6 21. Ng3
Qxa2 22. Nf5 Bf6 23. Re1 Rd8 24. Re2 Na5 25. Qd3 Qa3 26. Rb1 Kf8 27. Bb2 Qa2
28. Bd1 Nxb3 29. Bxb3 Qa5 30. Rc2 Qb5 31. Qe2 Rc8 32. Rbc1 Qd7 33. Qd2 a5 34.
Rxc8+ Bxc8 35. d5 Bxb2 36. Qxb2 f6 37. Rc6 Qd8 38. Nd4 Kf7 39. Qc2 Bd7 40. Ne6
Qb8 41. Qd3 a4 0-1

[Event "4NCL Division 3 North"]
[Site "Wakefield, ENG"]
[Date "2016.11.27"]
[Round "2.21"]
[White "Whitehead, Mark A"]
[Black "Denisov, Seny D"]
[Result "1/2-1/2"]
[WhiteElo "1982"]
[BlackElo "1817"]
[PlyCount "89"]
[EventDate "2016.11.27"]
[WhiteTeam "Manchester Manticores 3"]
[BlackTeam "3Cs 3"]

1. e4 c5 2. Nc3 Nc6 3. g3 g6 4. Bg2 Bg7 5. d3 d6 6. Nge2 Nf6 7. O-O Bg4 8. f3
Bc8 9. Be3 O-O 10. Qd2 Rb8 11. h3 Nd7 12. f4 Bd4 13. a3 Bxe3+ 14. Qxe3 e5 15.
f5 Nf6 16. g4 Nd4 17. Rac1 Ne8 18. Ng3 f6 19. h4 Qe7 20. Nd5 Qg7 21. c3 Nc6 22.
Bh3 g5 23. Nh5 Qh6 24. hxg5 fxg5 25. Rc2 Ng7 26. Rg2 Rf7 27. Rf3 Bd7 28. Rfg3
Ne8 29. Rh2 Ne7 30. Bg2 Nxd5 31. exd5 Nf6 32. Nxf6+ Qxf6 33. Rgh3 Rbf8 34. Rh6
Qe7 35. Be4 Rg7 36. Qf3 Rf6 37. Qh1 Rgf7 38. R2h5 Rxh6 39. Rxh6 Rf6 40. Qh5 Qg7
41. Rxf6 Qxf6 42. Kg2 Kg7 43. Kg3 b6 44. Qh1 a6 45. Qh2 1/2-1/2

[Event "4NCL Division 3 North"]
[Site "Wakefield, ENG"]
[Date "2016.11.27"]
[Round "2.93"]
[White "Hodge, Steve R"]
[Black "Kolbus, Dietmar"]
[Result "0-1"]
[WhiteElo "1967"]
[BlackElo "2298"]
[PlyCount "92"]
[EventDate "2016.11.27"]
[WhiteTeam "Jorvik"]
[BlackTeam "Manx Liberty"]

1. e4 c5 2. Nc3 Nc6 3. g3 g6 4. Bg2 Bg7 5. d3 d6 6. f4 e6 7. Nf3 Nge7 8. O-O
O-O 9. Be3 Nd4 10. e5 Nef5 11. Bf2 Nxf3+ 12. Qxf3 Nd4 13. Qd1 dxe5 14. fxe5
Bxe5 15. Na4 Nc6 16. c3 c4 17. dxc4 Qc7 18. Nc5 b6 19. Nd3 Bg7 20. Qe2 Ba6 21.
Nf4 Rac8 22. Rad1 Nb8 23. b3 Bxc3 24. Qg4 Bg7 25. h4 Rcd8 26. h5 Bc8 27. Qe2
Nc6 28. hxg6 hxg6 29. Qe4 Rxd1 30. Rxd1 Rd8 31. Rxd8+ Nxd8 32. Qd3 Bb7 33. b4
Bxg2 34. Kxg2 Nc6 35. b5 Ne5 36. Qe4 Nxc4 37. a4 Nd6 38. Qa8+ Bf8 39. Nd3 Qc4
40. Ne5 Qxa4 41. Nc6 Nxb5 42. Qe8 Qe4+ 43. Kf1 Qd3+ 44. Kg1 Qd1+ 45. Kg2 Nc7
46. Ne7+ Kg7 0-1

[Event "4NCL Division 3 North"]
[Site "Wakefield, ENG"]
[Date "2016.11.27"]
[Round "2.45"]
[White "Clarke, Paul Rh"]
[Black "Kildea, Robbie"]
[Result "1/2-1/2"]
[WhiteElo "1772"]
[BlackElo "1639"]
[PlyCount "92"]
[EventDate "2016.11.27"]
[WhiteTeam "Bradford DCA Knights C"]
[BlackTeam "Enniscorthy"]

1. d4 Nf6 2. Bf4 d5 3. Nf3 Bf5 4. e3 e6 5. c4 Bb4+ 6. Nbd2 Qe7 7. a3 Bd6 8.
Bxd6 Qxd6 9. c5 Qe7 10. Be2 Nbd7 11. Rc1 c6 12. O-O O-O 13. Nh4 Be4 14. Nxe4
Nxe4 15. Nf3 e5 16. Nxe5 Nxe5 17. dxe5 Nxc5 18. Qc2 Nd7 19. f4 f6 20. Bg4 fxe5
21. Bxd7 Qxd7 22. fxe5 Qe6 23. e4 Qxe5 24. exd5 Qd4+ 25. Kh1 Qxd5 26. Rxf8+
Rxf8 27. h3 Rd8 28. Rf1 h6 29. Qf2 Qd7 30. Qxa7 Rf8 31. Rxf8+ Kxf8 32. Qb8+ Kf7
33. Qf4+ Kg8 34. Qb8+ Kh7 35. Qf4 Qd1+ 36. Kh2 Qb3 37. Qf5+ Kg8 38. Qc8+ Kf7
39. Qf5+ Kg8 40. Qc8+ Kh7 41. Qf5+ g6 42. Qd7+ Kg8 43. Qe8+ Kg7 44. Qe7+ Qf7
45. Qe5+ Qf6 46. Qc7+ Qf7 1/2-1/2

[Event "4NCL Division 3 North"]
[Site "Wakefield, ENG"]
[Date "2016.11.27"]
[Round "2.12"]
[White "Delaney, Killian"]
[Black "Willow, Jonah B"]
[Result "1/2-1/2"]
[WhiteElo "2227"]
[BlackElo "2080"]
[PlyCount "95"]
[EventDate "2016.11.27"]
[WhiteTeam "Gonzaga"]
[BlackTeam "Ashfield Breadsall 1"]

1. e4 c5 2. c3 Nf6 3. e5 Nd5 4. Bc4 Nb6 5. Bb3 g6 6. d4 cxd4 7. cxd4 Bg7 8. a4
a5 9. Nc3 O-O 10. Be3 d6 11. Nge2 Nc6 12. O-O d5 13. f4 Nb4 14. h3 Bf5 15. g4
Bd3 16. Rf3 e6 17. Ng3 Bc4 18. f5 f6 19. g5 fxe5 20. f6 Bxb3 21. Qxb3 Nc4 22.
dxe5 Nxe5 23. Rf4 Nbd3 24. Rff1 Bxf6 25. gxf6 Rxf6 26. Kg2 Rxf1 27. Rxf1 Qd7
28. Nce2 Rf8 29. Rxf8+ Kxf8 30. Bh6+ Kg8 31. Qc3 Qc6 32. Qd4 Qc5 33. b3 Qxd4
34. Nxd4 Kf7 35. Bd2 b6 36. Nge2 Nd7 37. Nc1 Nxc1 38. Bxc1 e5 39. Nf3 Ke6 40.
Ba3 Kf5 41. Kf2 Nf6 42. Ke2 Ne4 43. Bb2 d4 44. Kd3 Nc5+ 45. Kc4 Ke4 46. Nxe5
Kxe5 47. Bxd4+ Kd6 48. Kb5 1/2-1/2

[Event "4NCL Division 3 North"]
[Site "Wakefield, ENG"]
[Date "2016.11.27"]
[Round "2.62"]
[White "Raghavendra, Mahima"]
[Black "Doran, Chris"]
[Result "1-0"]
[WhiteElo "1772"]
[BlackElo "2013"]
[PlyCount "101"]
[EventDate "2016.11.27"]
[WhiteTeam "Manchester Manticores 4"]
[BlackTeam "Holmes Chapel"]

1. d4 Nf6 2. c4 g6 3. Nf3 Bg7 4. g3 d6 5. Bg2 O-O 6. O-O Nc6 7. Nc3 a6 8. b3
Rb8 9. a4 e5 10. dxe5 dxe5 11. Bb2 Bg4 12. Nd5 Bxf3 13. Bxf3 Nd4 14. Bg2 Nxd5
15. cxd5 b5 16. a5 b4 17. Ra4 Qd6 18. e3 Nf5 19. Qc2 Ne7 20. Rc1 Rfc8 21. Qc5
Rd8 22. e4 f5 23. f3 Bh6 24. Qxd6 Be3+ 25. Kf1 cxd6 26. Re1 Bc5 27. Re2 Rf8 28.
Ke1 Rf7 29. Kd2 Kg7 30. Ra1 Nc8 31. f4 Bd4 32. Bxd4 exd4 33. e5 Re7 34. Kd3 Na7
35. Ra4 Nb5 36. Rxb4 Rbe8 37. e6 Kf6 38. Rc2 h6 39. Rc6 Ra8 40. Rbc4 g5 41. Rc8
Rxc8 42. Rxc8 gxf4 43. gxf4 Rg7 44. Bh3 Rg1 45. Rf8+ Ke7 46. Rf7+ Ke8 47. Bxf5
Rd1+ 48. Kc2 Rh1 49. Bg6 Rxh2+ 50. Kc1 Rg2 51. f5 1-0

[Event "4NCL Division 3 North"]
[Site "Wakefield, ENG"]
[Date "2016.11.27"]
[Round "2.53"]
[White "Burke, Mitchell R"]
[Black "Richardson, Alex"]
[Result "1/2-1/2"]
[WhiteElo "2020"]
[BlackElo "2133"]
[PlyCount "104"]
[EventDate "2016.11.27"]
[WhiteTeam "3Cs 2"]
[BlackTeam "Cheddleton 2"]

1. e4 c6 2. d4 d5 3. exd5 cxd5 4. c4 Nf6 5. Nc3 Nc6 6. Nf3 Be6 7. c5 g6 8. Bb5
Bg7 9. Bxc6+ bxc6 10. Ne5 Qc8 11. f3 Nd7 12. Nxd7 Qxd7 13. O-O Rb8 14. a3 h5
15. b4 h4 16. Bf4 Rb7 17. Re1 Rh5 18. Qd2 Kf8 19. Rad1 Bf6 20. Re2 Kg7 21. Rde1
Rh8 22. Nd1 Qd8 23. Nf2 a5 24. Ng4 axb4 25. axb4 Qa8 26. Bh6+ Kg8 27. Nxf6+
exf6 28. Bf4 h3 29. g4 Qa3 30. Be3 Qxb4 31. Qxb4 Rxb4 32. Kf2 f5 33. Kg3 Rb3
34. g5 Kg7 35. Ra1 Rhb8 36. Bf4 Re8 37. Ra7 Kg8 38. Rc7 Rd3 39. Be5 Rc8 40.
Rxc8+ Bxc8 41. Rb2 f6 42. Bxf6 Ba6 43. Rf2 Re3 44. Kxh3 Re2 45. Rxe2 Bxe2 46.
Kg3 Kf7 47. h4 Bd1 48. Kf4 Bc2 49. Ke5 Bd3 50. Kd6 Bb5 51. Kd7 Ba4 52. Be5 Bb5
1/2-1/2

[Event "4NCL Division 3 North"]
[Site "Wakefield, ENG"]
[Date "2016.11.27"]
[Round "2.64"]
[White "Gawne, Martin"]
[Black "Laurence, Geoff"]
[Result "1-0"]
[WhiteElo "1847"]
[BlackElo "1961"]
[PlyCount "103"]
[EventDate "2016.11.27"]
[WhiteTeam "Manchester Manticores 4"]
[BlackTeam "Holmes Chapel"]

1. Nf3 Nc6 2. d4 d5 3. g3 Nf6 4. Bg2 Bf5 5. a3 h6 6. O-O e6 7. Nbd2 Be7 8. b3
O-O 9. Bb2 Nb8 10. c4 dxc4 11. Nxc4 c6 12. Nfd2 Nbd7 13. e4 Bg6 14. Qe2 b5 15.
Ne3 Nb6 16. Rac1 Rc8 17. Rc2 Qd7 18. Rfc1 Rfd8 19. f4 Re8 20. f5 Bh7 21. Nf3
exf5 22. Ne5 Qe6 23. exf5 Qxb3 24. Rc3 Qa4 25. Bxc6 Rxc6 26. Nxc6 Bf8 27. Qc2
Qa6 28. Qb3 Nc4 29. Nxc4 bxc4 30. Rxc4 Bxf5 31. Qa4 Qb6 32. Bc3 Bd3 33. Ba5 Qb7
34. R4c3 Be4 35. Qb3 Qd7 36. Ne5 Qh3 37. Qxf7+ Kh7 38. Qa2 Nd5 39. Rb3 Be7 40.
Qe2 Nf6 41. Re3 Bd5 42. Be1 Nh5 43. g4 Nf4 44. Qc2+ Kg8 45. Rxh3 Nxh3+ 46. Kf1
Rf8+ 47. Ke2 Bg5 48. Rb1 Nf4+ 49. Kd1 Ng2 50. Qc5 Be4 51. Rb3 Rf1 52. Qc4+ 1-0

[Event "4NCL Division 3 North"]
[Site "Wakefield, ENG"]
[Date "2016.11.27"]
[Round "2.66"]
[White "Pollard, Matthew B"]
[Black "Roberts, Malcolm A"]
[Result "1-0"]
[WhiteElo "1727"]
[BlackElo "1672"]
[Annotator "Barnes,Lara"]
[PlyCount "109"]
[EventDate "2016.11.27"]
[WhiteTeam "Manchester Manticores 4"]
[BlackTeam "Holmes Chapel"]

1. Nf3 d5 2. d4 Nf6 3. e3 e6 4. Bd3 c5 5. b3 Nc6 6. O-O cxd4 7. exd4 Be7 8. Bb2
O-O 9. Nbd2 Nb4 10. Be2 Bd7 11. Ne5 Rc8 12. c3 Nc6 13. f4 Ne4 14. Bd3 Nxd2 15.
Qxd2 Nxe5 16. fxe5 Bg5 17. Qe2 g6 18. Rf3 f5 19. exf6 Rxf6 20. Raf1 Rxf3 21.
Rxf3 Qe7 22. Qe5 Bh6 23. c4 Bg7 24. Qe3 Rf8 25. cxd5 Rxf3 26. gxf3 Qd6 27. dxe6
Bxe6 28. Qxe6+ Qxe6 29. Bc4 Qf7 30. Kf2 b5 31. Bxf7+ Kxf7 32. Ke3 Ke7 33. Ba3+
Kd7 34. Ke4 a6 35. Kd5 Bh6 36. Bd6 Be3 37. Be5 Bg5 38. Kc5 Bd8 39. d5 h5 40. f4
h4 41. h3 Ba5 42. Bf6 Bd8 43. Be5 b4 44. Kd4 Bb6+ 45. Ke4 Bc5 46. Kf3 Be7 47.
Kg4 Bd8 48. f5 gxf5+ 49. Kxf5 Be7 50. Bf6 Bxf6 51. Kxf6 Kd6 52. Kg5 Kxd5 53.
Kxh4 Ke6 54. Kg4 Kf6 55. Kf4 1-0

[Event "4NCL Division 3 North"]
[Site "Wakefield, ENG"]
[Date "2016.11.27"]
[Round "2.52"]
[White "Acey, Gerald"]
[Black "Rita, Joao"]
[Result "1-0"]
[WhiteElo "2118"]
[BlackElo "1944"]
[PlyCount "109"]
[EventDate "2016.11.27"]
[WhiteTeam "Cheddleton 2"]
[BlackTeam "3Cs 2"]

1. d4 Nf6 2. Bf4 d5 3. e3 c5 4. c3 cxd4 5. exd4 Nc6 6. Nf3 Bg4 7. Nbd2 e6 8.
Qb3 Qc8 9. Bd3 Bxf3 10. Nxf3 Be7 11. O-O O-O 12. Rfe1 a6 13. Qc2 b5 14. Ne5 b4
15. Re3 bxc3 16. bxc3 h6 17. Rh3 Nxe5 18. dxe5 Ne8 19. Bxh6 gxh6 20. Rxh6 f5
21. exf6 Rxf6 22. Bh7+ Kf8 23. Bg6 Kg7 24. Rh7+ Kg8 25. Rxe7 Ng7 26. Rb1 Rb8
27. Rxb8 Qxb8 28. Qb1 Qf8 29. Rb7 Rxf2 30. Rb8 Rf1+ 31. Qxf1 Qxb8 32. Qxa6 e5
33. a4 e4 34. Qb5 Qd6 35. Be8 e3 36. Bc6 Qf6 37. Bxd5+ Kh8 38. Qf1 Qxc3 39.
Qf8+ Kh7 40. Be4+ Kh6 41. Qf4+ Kh5 42. g4+ Kh4 43. g5+ Kh5 44. Bf3+ Kg6 45.
Qf6+ Qxf6 46. gxf6 Kxf6 47. a5 Ne8 48. Kf1 Ke5 49. a6 Kf4 50. a7 Nc7 51. Ke2
Kg5 52. Kxe3 Kh4 53. Bg2 Kg4 54. Kd3 Kf4 55. Kd4 1-0

[Event "4NCL Division 3 North"]
[Site "Wakefield, ENG"]
[Date "2016.11.27"]
[Round "2.46"]
[White "Plaza Reino, Mercedes"]
[Black "Braham, Peter"]
[Result "1-0"]
[WhiteElo "1576"]
[BlackElo "1717"]
[PlyCount "117"]
[EventDate "2016.11.27"]
[WhiteTeam "Enniscorthy"]
[BlackTeam "Bradford DCA Knights C"]

1. f4 d5 2. b3 Nf6 3. Bb2 c5 4. Nf3 Nc6 5. e3 a6 6. Be2 Bg4 7. O-O e6 8. Ne5
Bxe2 9. Qxe2 Be7 10. d3 O-O 11. Nd2 Nxe5 12. fxe5 Ne8 13. Qg4 g6 14. Rf3 Ng7
15. e4 h5 16. Qh3 g5 17. g4 h4 18. Kh1 b5 19. Qg2 Qc7 20. Rf2 Rad8 21. Raf1 Rd7
22. Nf3 dxe4 23. dxe4 Qd8 24. Bc1 Ne8 25. Rd2 Rxd2 26. Qxd2 Qc7 27. Bb2 f6 28.
exf6 Bxf6 29. Nxg5 Qe7 30. Bxf6 Nxf6 31. Qe2 Kg7 32. Kg2 Kg6 33. Nh3 e5 34. Rf5
Qd6 35. Nf2 Re8 36. Qe3 Nh7 37. Nd3 c4 38. bxc4 bxc4 39. Nf2 Qd4 40. Qxd4 exd4
41. Rd5 d3 42. cxd3 Nf6 43. Rd6 cxd3 44. Rxd3 Nxe4 45. Re3 Nf6 46. Rxe8 Nxe8
47. Ne4 Nc7 48. Kh3 Nd5 49. Kxh4 a5 50. Kg3 a4 51. h4 Nb4 52. Nc3 a3 53. Kf3
Kf6 54. Ke4 Ke6 55. h5 Kf7 56. Kf5 Kg7 57. g5 Kh7 58. Kf6 Kg8 59. h6 1-0

[Event "4NCL Division 3 North"]
[Site "Wakefield, ENG"]
[Date "2016.11.27"]
[Round "2.16"]
[White "Jackson, Carl"]
[Black "Jarvis, Derek A"]
[Result "1-0"]
[WhiteElo "2108"]
[BlackElo "1937"]
[PlyCount "117"]
[EventDate "2016.11.27"]
[WhiteTeam "Gonzaga"]
[BlackTeam "Ashfield Breadsall 1"]

1. e4 e6 2. b3 d5 3. Bb2 dxe4 4. Nc3 Nf6 5. Qe2 Nbd7 6. g4 Nc5 7. Bg2 Nd5 8.
Nh3 Nxc3 9. Bxc3 Bd7 10. b4 Na4 11. Bxe4 Nxc3 12. dxc3 Qf6 13. Qc4 O-O-O 14. g5
Qe5 15. f4 Bb5 16. fxe5 Bxc4 17. Nf2 g6 18. Bd3 Bd5 19. O-O h5 20. Ne4 Bxe4 21.
Bxe4 Rh7 22. h4 c5 23. a3 Rg7 24. Kf2 Rd2+ 25. Kg3 Re2 26. Rae1 Rxe1 27. Rxe1
Kc7 28. Rb1 b6 29. c4 Be7 30. b5 Rg8 31. Rf1 Rf8 32. Kf3 Kb8 33. Ke3 Kc7 34. c3
Kb8 35. a4 Kc8 36. Rf2 Kc7 37. Ra2 Kb8 38. a5 bxa5 39. Rxa5 Rc8 40. Ra1 Bd8 41.
Rf1 Rc7 42. Rd1 Be7 43. Bc6 Kc8 44. Be8 Bd8 45. Rf1 Re7 46. Bxf7 Bc7 47. Ke4
Ba5 48. Bxg6 Bxc3 49. Bf7 Bd2 50. g6 Bh6 51. Rg1 Bg7 52. Rg5 Kc7 53. Rxh5 Rd7
54. Bxe6 Rd4+ 55. Kf5 Kb6 56. Rh7 a5 57. Rxg7 a4 58. Rg8 a3 59. Ra8 1-0

[Event "4NCL Division 3 North"]
[Site "Wakefield, ENG"]
[Date "2016.11.27"]
[Round "2.33"]
[White "Reed, John"]
[Black "Krueger, Simon"]
[Result "0-1"]
[WhiteElo "2057"]
[BlackElo "1950"]
[PlyCount "126"]
[EventDate "2016.11.27"]
[WhiteTeam "Manchester Manticores 2"]
[BlackTeam "Hounds and Bears"]

1. d4 Nf6 2. c4 c5 3. d5 b5 4. Qc2 bxc4 5. e4 d6 6. Bxc4 Nbd7 7. Nf3 g6 8. h3
Bg7 9. O-O O-O 10. Re1 Nb6 11. Bf1 Nfd7 12. Nc3 Ne5 13. Nxe5 Bxe5 14. Bh6 Re8
15. Rad1 Nd7 16. Bc1 Qa5 17. f4 Bg7 18. Kh1 Ba6 19. Bxa6 Qxa6 20. a3 Rec8 21.
Qf2 Rab8 22. Qh4 Bf6 23. Qg4 Rd8 24. e5 dxe5 25. f5 Bg7 26. Rf1 Nf6 27. Qh4 Qb7
28. fxg6 hxg6 29. d6 Ne8 30. dxe7 Rd4 31. Rxd4 cxd4 32. Ne4 Qa6 33. Kg1 f5 34.
Ng5 Nf6 35. Bd2 Qd3 36. Bb4 Qe3+ 37. Kh1 e4 38. Re1 Qd3 39. Qf4 Re8 40. Qd6 Qc4
41. Ne6 Qd5 42. Nxd4 Qxd6 43. Bxd6 Nd5 44. Nc6 Bxb2 45. Rd1 Ne3 46. Rb1 Nc4 47.
Bb4 e3 48. Kg1 Bxa3 49. Bxa3 Nxa3 50. Re1 f4 51. g3 g5 52. h4 Nc4 53. Kg2 Nd2
54. Nd4 Rxe7 55. hxg5 Re4 56. Nf3 fxg3 57. Kxg3 a5 58. Re2 Nc4 59. Ne1 Ne5 60.
Nc2 Nc4 61. Kf3 Nd2+ 62. Kg3 a4 63. Nxe3 Rxe3+ 0-1

[Event "4NCL Division 3 North"]
[Site "Wakefield, ENG"]
[Date "2016.11.27"]
[Round "2.73"]
[White "Buckley, Colm"]
[Black "Kay, Lee P"]
[Result "0-1"]
[WhiteElo "1923"]
[BlackElo "2117"]
[PlyCount "128"]
[EventDate "2016.11.27"]
[WhiteTeam "Spirit of Atticus B"]
[BlackTeam "Manchester Manticores 1"]

1. d4 d5 2. c4 dxc4 3. e3 e5 4. Bxc4 exd4 5. exd4 Bd6 6. Nf3 Nf6 7. O-O O-O 8.
Bg5 Nc6 9. Nc3 Bg4 10. d5 Bxf3 11. gxf3 Ne5 12. Be2 h6 13. Bh4 Ng6 14. Bg3 Re8
15. Qd2 Qd7 16. Rfd1 a6 17. Qd4 Qf5 18. Qd3 Qxd3 19. Bxd3 Nf4 20. Be4 b5 21. a3
Rab8 22. Rd2 a5 23. Rc2 b4 24. axb4 axb4 25. Bxf4 bxc3 26. Bxd6 cxb2 27. Rb1
cxd6 28. Rcxb2 Rxb2 29. Rxb2 Nxe4 30. fxe4 Rxe4 31. Rb8+ Kh7 32. Rd8 Rg4+ 33.
Kf1 Rg6 34. Rd7 Rf6 35. Kg2 Kg6 36. f4 Kf5 37. Kf3 g5 38. fxg5 hxg5 39. Re7
Kg6+ 40. Ke4 Kh5 41. Re8 Kg4 42. Rg8 Rf4+ 43. Ke3 Kf5 44. Re8 Rh4 45. Re7 Kf6
46. Rd7 Ke5 47. Rxf7 Rh3+ 48. Kf2 Rxh2+ 49. Kg3 Rd2 50. Kg4 Rxd5 51. Kxg5 Ke4+
52. Kg4 Rd1 53. Re7+ Kd4 54. Kf3 d5 55. Ke2 Rh1 56. Rg7 Rh2+ 57. Kd1 Kc4 58.
Rg8 d4 59. Rg1 Kc3 60. Rg8 Rh1+ 61. Ke2 d3+ 62. Ke3 Re1+ 63. Kf2 d2 64. Rg1
Rxg1 0-1

[Event "4NCL Division 3 North"]
[Site "Wakefield, ENG"]
[Date "2016.11.27"]
[Round "2.85"]
[White "Johnson, Paul A"]
[Black "Flynn, David"]
[Result "0-1"]
[WhiteElo "1868"]
[BlackElo "1862"]
[PlyCount "132"]
[EventDate "2016.11.27"]
[WhiteTeam "Bradford DCA Knights B"]
[BlackTeam "Ashfield Breadsall 2"]

1. d4 Nf6 2. Nf3 g6 3. c4 Bg7 4. Nc3 d5 5. cxd5 Nxd5 6. e4 Nxc3 7. bxc3 c5 8.
Bc4 O-O 9. Rb1 Nc6 10. Be3 Qc7 11. Be2 Rd8 12. h3 cxd4 13. cxd4 Qa5+ 14. Bd2
Qxa2 15. Ra1 Qb2 16. Rb1 Qa3 17. d5 Nd4 18. Nxd4 Bxd4 19. O-O a5 20. Rb3 Qc5
21. Rb5 Qc7 22. Qb1 b6 23. Rc1 Qg3 24. Rf1 Bxh3 25. Bf3 Bg4 26. Bxg4 Qxg4 27.
Be3 Bxe3 28. fxe3 Rdb8 29. Rf3 Qd7 30. e5 Qc7 31. Qb2 Rc8 32. Rxb6 Qc1+ 33. Kh2
Qxb2 34. Rxb2 a4 35. e4 Rc4 36. Re3 a3 37. Ra2 Raa4 38. d6 exd6 39. exd6 f6 40.
Rexa3 Rxa3 41. Rxa3 Rd4 42. Ra8+ Kf7 43. Ra7+ Ke6 44. Rxh7 Rxd6 45. Kg3 Rd3+
46. Kf4 g5+ 47. Kg4 Re3 48. Ra7 Rxe4+ 49. Kf3 Rf4+ 50. Ke3 Kf5 51. g3 Rb4 52.
Ra6 Kg4 53. Rxf6 Kxg3 54. Rf3+ Kg2 55. Rf2+ Kg1 56. Rf8 Rb3+ 57. Ke2 g4 58. Rg8
g3 59. Rg7 g2 60. Rh7 Rb5 61. Rh8 Re5+ 62. Kd2 Kf2 63. Rf8+ Kg3 64. Rg8+ Kf3
65. Kd1 Re4 66. Kd2 Rg4 0-1

[Event "4NCL Division 3 North"]
[Site "Wakefield, ENG"]
[Date "2016.11.27"]
[Round "2.71"]
[White "Ackley, Peter J E"]
[Black "Polaczek, Richard"]
[Result "0-1"]
[WhiteElo "1971"]
[BlackElo "2413"]
[PlyCount "138"]
[EventDate "2016.11.27"]
[WhiteTeam "Spirit of Atticus B"]
[BlackTeam "Manchester Manticores 1"]

1. g3 d5 2. Bg2 Nf6 3. Nf3 b5 4. O-O Bb7 5. d3 e6 6. Nbd2 Be7 7. e4 c5 8. Re1
Nc6 9. Qe2 Qc7 10. e5 Nd7 11. h4 h6 12. h5 O-O-O 13. a4 b4 14. c3 Kb8 15. Nb3
Ka8 16. cxb4 Nxb4 17. Bd2 Qb6 18. a5 Qb5 19. Bxb4 Qxb4 20. a6 Bc6 21. Na5 Rc8
22. Ra2 Rc7 23. Rea1 Rb8 24. Nd2 Bb5 25. Nac4 Bc6 26. Na5 Rb6 27. Ndc4 Rxa6 28.
Nd6 Rxa5 29. Rxa5 Bxd6 30. exd6 Rb7 31. Qf3 Nf6 32. Qe3 Nd7 33. Qf3 Nb6 34.
R5a2 Nc8 35. Qe3 Nxd6 36. Rc1 Nf5 37. Qxc5 Qxc5 38. Rxc5 Nd4 39. Kf1 Kb8 40.
Ke1 Bb5 41. Bf1 a6 42. f4 Nc6 43. Kd2 Kc7 44. Ke3 Kd6 45. Rc1 f6 46. d4 Bxf1
47. Rxf1 Rb3+ 48. Kd2 a5 49. Rg1 Rb4 50. g4 Rxd4+ 51. Ke3 Re4+ 52. Kf3 Nd4+ 53.
Kg2 Ne2 54. Rga1 Nxf4+ 55. Kf3 Nd3 56. Rxa5 Ne5+ 57. Kg3 Nxg4 58. Ra7 Ne3 59.
R1a4 Nf5+ 60. Kf3 Nd4+ 61. Kg2 Ke5 62. Rxg7 Re2+ 63. Kf1 Rxb2 64. Rg6 Nf5 65.
Kg1 Rc2 66. Ra3 d4 67. Ra5+ Kf4 68. Rxf6 d3 69. Kf1 Rc1+ 0-1

[Event "4NCL Division 3 North"]
[Site "Wakefield, ENG"]
[Date "2016.11.27"]
[Round "2.34"]
[White "Carpenter, Raymond"]
[Black "Webster, Richard J"]
[Result "0-1"]
[WhiteElo "1990"]
[BlackElo "2020"]
[PlyCount "138"]
[EventDate "2016.11.27"]
[WhiteTeam "Hounds and Bears"]
[BlackTeam "Manchester Manticores 2"]

1. e4 e6 2. d4 d5 3. Nd2 c5 4. Ngf3 cxd4 5. Bb5+ Bd7 6. Bxd7+ Qxd7 7. O-O Nc6
8. exd5 Qxd5 9. Nb3 Bc5 10. Qd3 Nge7 11. Bg5 f6 12. Bd2 Bb6 13. a4 e5 14. Rfe1
O-O 15. Qb5 Rad8 16. c4 dxc3 17. bxc3 Na5 18. Nbd4 Nec6 19. Nxc6 bxc6 20. Qe2
Nc4 21. Rad1 Nb2 22. a5 Qxa5 23. Rb1 Nd3 24. Rf1 Qa2 25. Qd1 Rd7 26. Ra1 Qd5
27. Qc2 Rfd8 28. c4 Qe4 29. Rae1 Qg6 30. Re2 Nxf2 31. Qxg6 Ng4+ 32. Be3 Bxe3+
33. Rxe3 hxg6 34. Ra3 e4 35. Ne1 Ne5 36. Nc2 Nxc4 37. Rc3 Ne5 38. Nb4 Rd1 39.
Nxc6 Rxf1+ 40. Kxf1 Nxc6 41. Rxc6 a5 42. Ra6 Rd5 43. h3 Kh7 44. Kf2 g5 45. g4
Kg6 46. Re6 a4 47. Ra6 Rd4 48. Ke3 Rc4 49. Ra5 Kf7 50. Ra7+ Kf8 51. Ra6 Ke7 52.
Ra7+ Kd6 53. Rxg7 Rc7 54. Rg6 Ke5 55. Rg8 Rc3+ 56. Kd2 Rxh3 57. Re8+ Kd4 58.
Ra8 Rh2+ 59. Ke1 Ke3 60. Kd1 Ra2 61. Ra6 a3 62. Kc1 Ke2 63. Kb1 Rb2+ 64. Kc1
Rb3 65. Ra4 e3 66. Kc2 Rd3 67. Ra6 a2 68. Ra5 Rd2+ 69. Kc3 Kd1 0-1

[Event "4NCL Division 3 North"]
[Site "Wakefield, ENG"]
[Date "2016.11.27"]
[Round "2.41"]
[White "Dean, Robert A"]
[Black "O`Gorman, Tom"]
[Result "1-0"]
[WhiteElo "1829"]
[BlackElo "2044"]
[PlyCount "159"]
[EventDate "2016.11.27"]
[WhiteTeam "Bradford DCA Knights C"]
[BlackTeam "Enniscorthy"]

1. e4 c5 2. f4 d5 3. exd5 Nf6 4. c4 e6 5. dxe6 Bxe6 6. Nf3 Nc6 7. Be2 Be7 8.
Nc3 O-O 9. d3 Qd7 10. O-O Rad8 11. Qb3 b6 12. Bd2 Bf5 13. Rad1 Rfe8 14. Ne4
Nxe4 15. dxe4 Bxe4 16. Bc3 Nd4 17. Bxd4 cxd4 18. Ne5 Qc7 19. Bd3 Bxd3 20. Nxd3
Bd6 21. Qb5 g6 22. Rd2 Re3 23. g3 Rde8 24. Ne5 Qe7 25. Ng4 Re6 26. f5 gxf5 27.
Qxf5 Be5 28. Rdf2 Rf8 29. Nxe5 Rxe5 30. Qg4+ Rg5 31. Qxd4 Qc5 32. Qxc5 Rxc5 33.
b3 Rc7 34. Rd2 Re8 35. Rfd1 Ree7 36. Kf2 Rc6 37. Kf3 Rf6+ 38. Kg2 Rfe6 39. Rd8+
Kg7 40. R1d2 Kg6 41. R8d6 Kg5 42. R2d5+ Re5 43. Kf3 Rf5+ 44. Rxf5+ Kxf5 45.
Rd5+ Kf6 46. g4 Kg6 47. h4 Kf6 48. g5+ Kg7 49. Rd6 Rc7 50. Kf4 Re7 51. h5 Re2
52. h6+ Kf8 53. Rd8+ Ke7 54. Rh8 Rxa2 55. Rxh7 Rf2+ 56. Ke5 Rg2 57. Rg7 Kf8 58.
Kd6 Rg3 59. b4 a5 60. bxa5 bxa5 61. g6 fxg6 62. Ra7 Rd3+ 63. Ke5 Kg8 64. Kf6
Rd6+ 65. Ke5 Rd1 66. Rg7+ Kh8 67. Rxg6 Kh7 68. Ra6 Rh1 69. c5 a4 70. Rxa4 Rh5+
71. Kd6 Rxh6+ 72. Kc7 Kg7 73. c6 Kf7 74. Rd4 Ke7 75. Kb7 Rh1 76. Rd7+ Ke6 77.
Kc8 Rb1 78. Rb7 Rc1 79. c7 Rh1 80. Kb8 1-0